000 00496nam a2200181Ia 4500
003 GCL
008 140319s9999 xx 000 0 ara d
040 _aGCL /
_cGCL
082 0 4 _aق
_b810.9
_bا ا
100 1 _aامين الخولى
245 1 0 _aفى الادب المصرى : فكرة ومنهج /
_cامين الخولى
300 _a136 ص
490 _a
650 0 4 _aالادب العربى
650 0 4 _aالادب المصرى
650 0 4 _aتاريخ ونقد
942 _2ddc
_cBK
999 _c45727
_d45727